[Event "XVIII Festival A"]
[Site "Campobasso ITA"]
[Date "2011.07.24"]
[Round "5"]
[White "Rossetti, Giovanni"]
[Black "Vespe, Francesco"]
[Result "1-0"]
[WhiteElo "1891"]
[BlackElo "2012"]
[PlyCount "121"]
[EventDate "2011.07.22"]

1. Nf3 d5 2. g3 c5 3. Bg2 Nc6 4. O-O e5 5. d3 Nf6 6. Nbd2 Be7 7. Re1 Qc7 8. e4
d4 9. Nf1 Bg4 10. h3 Bh5 11. g4 Bg6 12. Ng3 Nd8 13. Nf5 Bf8 14. c3 Ne6 15. cxd4
cxd4 16. Bd2 Nd7 17. b4 f6 18. Rc1 Qb6 19. Qa4 a6 20. Qc2 Bf7 21. Rb1 g6 22.
Ng3 Bd6 23. Bh6 Ke7 24. Rec1 Rhc8 25. Qxc8 Rxc8 26. Rxc8 Nd8 27. a3 Be6 28.
Rbc1 a5 29. Bd2 axb4 30. axb4 Nb8 31. R8c2 Bxb4 32. Rb1 Na6 33. g5 Nc6 34.
gxf6+ Kxf6 35. Rcb2 Qc5 36. Bg5+ Kg7 37. Rc1 Qd6 38. Bd2 Bxd2 39. Rxb7+ Kg8 40.
Nxd2 Nab4 41. Ra1 Qd8 42. Bf1 Qc8 43. Rb5 Kg7 44. Nf3 Bxh3 45. Bxh3 Qxh3 46.
Nxe5 Nxe5 47. Rxe5 Nxd3 48. Re7+ Kh6 49. Raa7 Qg4 50. Rxh7+ Kg5 51. Ra5+ Kf6
52. Ra6+ Kg5 53. Ra5+ Kf6 54. e5+ Nxe5 55. Ra6+ Kg5 56. Ra5 Qd1+ 57. Nf1 Qe1
58. Rd5 Kf6 59. Rd6+ Kf5 60. Rd5 d3 61. Re7 1-0

[Event "XVIII Festival A"]
[Site "Campobasso ITA"]
[Date "2011.07.24"]
[Round "5"]
[White "Sabia, Corrado"]
[Black "Meijers, Viesturs"]
[Result "0-1"]
[WhiteElo "2191"]
[BlackElo "2492"]
[PlyCount "98"]
[EventDate "2011.07.22"]

1. g3 d5 2. Bg2 Nf6 3. Nf3 c5 4. c4 Nc6 5. cxd5 Nxd5 6. Nc3 Nb6 7. O-O e5 8. d3
Be7 9. Ne1 O-O 10. Bxc6 bxc6 11. b3 Bh3 12. Ng2 f5 13. Bb2 Qd7 14. Rc1 Rfd8 15.
Qc2 Bg5 16. Rcd1 Qe6 17. Bc1 Be7 18. Ba3 h5 19. Nb1 h4 20. Rc1 f4 21. Bxc5 fxg3
22. Bxe7 gxf2+ 23. Kxf2 Qxe7 24. Nd2 Nd5 25. Rg1 a5 26. Nf3 e4 27. dxe4 Qa7+
28. e3 Bxg2 29. exd5 Bxf3 30. Kxf3 cxd5 31. Rg4 Qe7 32. Qg6 Rf8+ 33. Kg2 Qe5
34. Rf4 Rxf4 35. exf4 Qxf4 36. Qe6+ Qf7 37. Rc8+ Rxc8 38. Qxc8+ Kh7 39. Qd8 Qh5
40. Qxa5 Qg4+ 41. Kf2 Qf4+ 42. Kg2 Qe4+ 43. Kg1 Qe3+ 44. Kf1 Qf3+ 45. Kg1 h3
46. Qd2 d4 47. Qg5 d3 48. Qh4+ Kg6 49. Qf2 Qg2+ 0-1

[Event "XVIII Festival A"]
[Site "Campobasso ITA"]
[Date "2011.07.24"]
[Round "5"]
[White "Stromboli, Ettore"]
[Black "Gromovs, Sergejs"]
[Result "1-0"]
[WhiteElo "2304"]
[BlackElo "2303"]
[PlyCount "107"]
[EventDate "2011.07.22"]

1. e4 c5 2. Nf3 d6 3. d4 cxd4 4. Nxd4 Nf6 5. f3 g6 6. c4 Bg7 7. Nc3 O-O 8. Be3
Nc6 9. Qd2 Nxd4 10. Bxd4 Be6 11. Rc1 Qa5 12. Be2 Rfc8 13. b3 a6 14. O-O b5 15.
cxb5 axb5 16. Qe3 b4 17. Na4 Nd7 18. Bxg7 Kxg7 19. f4 Rxc1 20. Rxc1 Qa7 21. Kf2
f5 22. Bc4 Bf7 23. Bxf7 Kxf7 24. Qxa7 Rxa7 25. exf5 gxf5 26. Ke3 e5 27. fxe5
dxe5 28. g4 fxg4 29. Ke4 Kf6 30. Rc4 Kg5 31. Rxb4 Ra5 32. Nc3 Nf6+ 33. Ke3 Kf5
34. a4 h5 35. Rb5 Ra8 36. Ne2 h4 37. Nd4+ Kg6 38. Rxe5 g3 39. Kf3 gxh2 40. Kg2
h3+ 41. Kh1 Rd8 42. Nf3 Rd1+ 43. Re1 Rd8 44. Kxh2 Kf5 45. Kg3 Ne4+ 46. Kxh3 Kf4
47. Rf1 Ng3 48. Ng5+ Nxf1 49. Ne6+ Ke5 50. Nxd8 Kd6 51. Nb7+ Kc6 52. Na5+ Kc5
53. Nc4 Kc6 54. a5 1-0

[Event "XVIII Festival A"]
[Site "Campobasso ITA"]
[Date "2011.07.24"]
[Round "6"]
[White "Ficco, Corrado"]
[Black "Ljubisavljevic, Zivojin Z."]
[Result "1-0"]
[WhiteElo "2127"]
[BlackElo "2214"]
[PlyCount "114"]
[EventDate "2011.07.22"]

1. e4 g6 2. d4 Bg7 3. Nf3 d6 4. Be2 Nf6 5. Nc3 O-O 6. O-O Bg4 7. h3 Bxf3 8.
Bxf3 Nc6 9. Be3 e5 10. d5 Ne7 11. Qd2 Nd7 12. a4 a6 13. a5 f5 14. Bg5 Nf6 15.
Bxf6 Bxf6 16. g3 Kg7 17. b4 h5 18. Rfb1 Qd7 19. Kg2 fxe4 20. Bxe4 Nf5 21. b5
Nh6 22. bxa6 bxa6 23. Rb7 Rf7 24. Qd3 Nf5 25. Rab1 Qc8 26. Nd1 Bd8 27. c3 Rf6
28. Qc4 Nh6 29. Qd3 Nf7 30. h4 Nh6 31. Ne3 Nf5 32. R7b2 Rf7 33. Rh1 Qd7 34. Rb4
Be7 35. Bxf5 gxf5 36. f4 Kh6 37. Kf2 Kg6 38. Qc4 Bf6 39. Rhb1 Re7 40. Rb8 Rxb8
41. Rxb8 exf4 42. Qxf4 Re4 43. Qf3 Bxc3 44. Nxf5 Re8 45. Rxe8 Qxe8 46. Qxc3
Kxf5 47. Qf3+ Kg6 48. Qd3+ Kg7 49. Qd4+ Qe5 50. Qxe5+ dxe5 51. Kf3 Kg6 52. g4
e4+ 53. Kxe4 hxg4 54. Kf4 g3 55. Kxg3 Kf5 56. Kf3 Ke5 57. h5 Kf5 1-0

[Event "XVIII Festival A"]
[Site "Campobasso ITA"]
[Date "2011.07.24"]
[Round "6"]
[White "Kunin, Vitaly"]
[Black "Dragojlovic, Andjelko"]
[Result "0-1"]
[WhiteElo "2562"]
[BlackElo "2380"]
[PlyCount "94"]
[EventDate "2011.07.22"]

1. d4 Nf6 2. c4 g6 3. Nc3 d5 4. cxd5 Nxd5 5. Bd2 Nb6 6. Nf3 Bg7 7. Bg5 c5 8.
dxc5 Bxc3+ 9. bxc3 Qxd1+ 10. Rxd1 N6d7 11. Nd4 Nxc5 12. g3 Bd7 13. Bg2 Nc6 14.
Be3 Rc8 15. O-O Na4 16. Rc1 O-O 17. Nxc6 Bxc6 18. Bh3 Rcd8 19. f3 Bd7 20. Bg2
Rc8 21. c4 b6 22. Bd2 Be6 23. Bb4 Rc7 24. f4 Rfc8 25. Kf2 f5 26. g4 Rxc4 27.
Rxc4 Rxc4 28. Bd2 Rc2 29. gxf5 gxf5 30. Bb4 Nc5 31. Ke3 Rxa2 32. Rc1 a5 33.
Bxc5 bxc5 34. Rxc5 a4 35. Ra5 Kf7 36. Bf3 a3 37. Kd4 Ra1 38. Ke5 Bb3 39. Bd5+
Bxd5 40. Rxd5 Ra2 41. e3 Rxh2 42. Ra5 a2 43. Ra7 h5 44. Kxf5 Rg2 45. Ke4 h4 46.
Kf3 h3 47. e4 Rb2 0-1

[Event "XVIII Festival A"]
[Site "Campobasso ITA"]
[Date "2011.07.24"]
[Round "6"]
[White "Mirzoev, Azer"]
[Black "Stromboli, Ettore"]
[Result "1-0"]
[WhiteElo "2415"]
[BlackElo "2304"]
[PlyCount "135"]
[EventDate "2011.07.22"]

1. d4 Nf6 2. c4 e6 3. Nf3 b6 4. Nc3 Bb4 5. Qc2 Bb7 6. a3 Bxc3+ 7. Qxc3 d6 8. g3
Nbd7 9. Bg2 O-O 10. O-O Qe7 11. Rd1 Rfd8 12. b3 Rac8 13. Bb2 d5 14. Nh4 c5 15.
Qe3 Re8 16. dxc5 bxc5 17. cxd5 Bxd5 18. Rac1 Rb8 19. Rd3 Bxg2 20. Nxg2 Nd5 21.
Qd2 Rec8 22. e4 N5f6 23. Ne3 c4 24. Rxc4 Rxc4 25. Nxc4 Nc5 26. Bxf6 gxf6 27.
Qf4 Rc8 28. Rf3 Rd8 29. Qg4+ Kh8 30. Qh4 Rd4 31. Qxf6+ Qxf6 32. Rxf6 Kg7 33.
Rf3 Nxb3 34. Ne5 Rxe4 35. Rxf7+ Kg8 36. Rb7 Rxe5 37. Rxb3 Ra5 38. Re3 Kf7 39.
Kg2 Rc5 40. Re4 Ra5 41. a4 Rc5 42. Rd4 Ra5 43. Re4 Kf6 44. h4 h6 45. Rf4+ Kg6
46. Rb4 Kf6 47. Kf3 Ra6 48. Rf4+ Kg6 49. g4 h5 50. g5 e5 51. Rc4 Kf5 52. Kg3
Kg6 53. f3 Kf5 54. Rb4 Ra5 55. Rc4 Ra6 56. Kg2 Kg6 57. Kf2 Kf5 58. Kg3 Kg6 59.
Rc5 Re6 60. a5 a6 61. Rd5 Kf7 62. Kf2 e4 63. Rd7+ Kg6 64. Rb7 e3+ 65. Ke2 Kf5
66. Rb6 Re7 67. Rf6+ Ke5 68. Kxe3 1-0

[Event "XVIII Festival A"]
[Site "Campobasso ITA"]
[Date "2011.07.24"]
[Round "6"]
[White "Molinari, Carlo"]
[Black "Marmili, Giulio"]
[Result "1-0"]
[WhiteElo "1987"]
[BlackElo "2165"]
[PlyCount "77"]
[EventDate "2011.07.22"]

1. d4 d5 2. c4 c6 3. Nf3 e6 4. g3 Nf6 5. Bg2 Nbd7 6. b3 Bd6 7. O-O O-O 8. Bb2
Re8 9. Ne5 Bxe5 10. dxe5 Ng4 11. cxd5 exd5 12. e4 Ndxe5 13. exd5 cxd5 14. Qxd5
Qxd5 15. Bxd5 Nf6 16. Bg2 Rb8 17. Nd2 Bg4 18. Bd4 Rbd8 19. Be3 b6 20. h3 Bf5
21. a4 Nd5 22. Bd4 Nb4 23. Bxe5 Rxe5 24. Nc4 Re2 25. Rfd1 Rxd1+ 26. Rxd1 g6 27.
Bf1 Re7 28. g4 Bc2 29. Rd8+ Kg7 30. Nd6 Bxb3 31. Ne8+ Kh6 32. f4 f5 33. Kf2
fxg4 34. hxg4 Rf7 35. g5+ Kh5 36. Kg3 Rxf4 37. Kxf4 Kh4 38. Nf6 h5 39. Rd2 1-0

[Event "XVIII Festival A"]
[Site "Campobasso ITA"]
[Date "2011.07.24"]
[Round "6"]
[White "Pescatore, Lorenzo"]
[Black "Rossetti, Giovanni"]
[Result "0-1"]
[WhiteElo "2121"]
[BlackElo "1891"]
[PlyCount "120"]
[EventDate "2011.07.22"]

1. e4 c5 2. c3 Nc6 3. Nf3 e6 4. d4 cxd4 5. cxd4 Bb4+ 6. Nc3 Nf6 7. Bd3 d5 8. e5
Ne4 9. Bd2 Nxd2 10. Qxd2 Bd7 11. O-O h6 12. Rac1 a6 13. Bb1 Qb6 14. a3 Be7 15.
b4 Bg5 16. Nxg5 hxg5 17. Rfd1 Qd8 18. g3 g6 19. Qe3 Kf8 20. Rf1 Kg7 21. f4 g4
22. Bd3 Qb6 23. Ne2 Rh3 24. Rf2 Rah8 25. Rc5 Qd8 26. Rg2 Ne7 27. f5 Nxf5 28.
Bxf5 gxf5 29. Nf4 R3h6 30. Qc3 Bc6 31. Qc2 Qb6 32. Nd3 Bb5 33. Nb2 Rd8 34. Qc1
Kg6 35. Rf2 Rdh8 36. Nd1 Qd8 37. Ne3 Qg5 38. Qd2 Rh3 39. Nxd5 exd5 40. Rxd5
Qxd2 41. Rxd2 Kg5 42. Rc5 Ba4 43. Rc7 Bb3 44. d5 Bxd5 45. Rxd5 Rxh2 46. Rxf7
Rh1+ 47. Kf2 R8h2+ 48. Ke3 Re1+ 49. Kd4 Rd2+ 50. Kc5 Rc1+ 51. Kb6 Rxd5 52. Rg7+
Kh6 53. Re7 Rb5+ 54. Ka7 Rc3 55. Re6+ Kg5 56. Rd6 Rxg3 57. e6 Re3 58. a4 Rxb4
59. a5 g3 60. e7 Rxe7 0-1

[Event "XVIII Festival A"]
[Site "Campobasso ITA"]
[Date "2011.07.24"]
[Round "6"]
[White "Petruccioli, Antonio"]
[Black "Cangiano, Federico"]
[Result "1-0"]
[WhiteElo "2104"]
[BlackElo "1957"]
[PlyCount "89"]
[EventDate "2011.07.22"]

1. e4 e6 2. d4 d5 3. exd5 exd5 4. c4 Nf6 5. Bg5 Be7 6. Nc3 c6 7. Qb3 dxc4 8.
Bxc4 O-O 9. O-O-O b5 10. Bd3 Be6 11. Qc2 h6 12. Bh4 Nbd7 13. Kb1 Nb6 14. Nf3 b4
15. Ne2 Qd5 16. b3 g5 17. Bg3 a5 18. Ne5 Rfc8 19. h4 a4 20. hxg5 axb3 21. axb3
hxg5 22. Kb2 Ra3 23. Bc4 Qa5 24. Ra1 Ra8 25. Bxe6 Ra2+ 26. Rxa2 Qxa2+ 27. Kc1
Qxc2+ 28. Kxc2 fxe6 29. Rh6 Ra2+ 30. Kd3 Rb2 31. Nxc6 Kg7 32. Rh1 Nbd5 33. Ra1
Nh5 34. Ra7 Nxg3 35. Nxg3 Rxb3+ 36. Ke4 Nf6+ 37. Ke5 Ng4+ 38. Kxe6 Nxf2 39.
Nf5+ Kg6 40. Ne5+ Kh5 41. Rxe7 g4 42. g3 Ra3 43. Rh7+ Kg5 44. Nf7+ Kg6 45. Rh6#
1-0

[Event "XVIII Festival A"]
[Site "Campobasso ITA"]
[Date "2011.07.24"]
[Round "6"]
[White "Sabia, Corrado"]
[Black "Bottega, Antonio"]
[Result "1-0"]
[WhiteElo "2191"]
[BlackElo "1959"]
[PlyCount "139"]
[EventDate "2011.07.22"]

1. e4 e6 2. d4 d5 3. Nc3 Nf6 4. e5 Nfd7 5. f4 c5 6. Nf3 Nc6 7. Be3 a6 8. Qd2 b5
9. a3 Be7 10. dxc5 Nxc5 11. Qf2 Nd7 12. g3 Bb7 13. Nd4 g6 14. Bh3 Nxd4 15. Bxd4
Qc7 16. O-O Bc5 17. Ne2 Bxd4 18. Nxd4 O-O 19. c3 Nc5 20. g4 Rae8 21. g5 Kg7 22.
Rad1 Rh8 23. Bg2 h5 24. Rfe1 Nd7 25. Bh3 Nc5 26. Re3 Re7 27. Bg2 Rc8 28. Qe2
Nd7 29. Rh3 Qc4 30. Qf3 Qc7 31. Re1 Rce8 32. Bf1 Qb6 33. Qf2 Qc7 34. Bd3 Nc5
35. Bb1 Bc8 36. Qc2 Rh8 37. Qe2 Qb6 38. Re3 Nd7 39. Bc2 Nb8 40. Qf2 Nc6 41. Rd3
Nxd4 42. Rxd4 Rc7 43. Bd3 Bb7 44. Kg2 Rhc8 45. Qe3 Ba8 46. Kh3 Qb7 47. Rg1 Qb6
48. Rg3 Qc5 49. Be2 Rh8 50. Rg1 Bb7 51. Ra1 Ra8 52. Qd2 Bc6 53. Bf3 Bb7 54. Kg2
Rac8 55. Rd1 Qb6 56. Kg3 Rc4 57. f5 gxf5 58. Bxh5 Rxd4 59. Qxd4 Qxd4 60. Rxd4
Rc4 61. Rxc4 bxc4 62. Bd1 Kg6 63. Kf4 Bc6 64. h4 a5 65. h5+ Kg7 66. Ke3 a4 67.
Kd4 Be8 68. Kc5 Bd7 69. Kd6 Bb5 70. Ke7 1-0

[Event "XVIII Festival A"]
[Site "Campobasso ITA"]
[Date "2011.07.24"]
[Round "6"]
[White "Santeramo, Domenico"]
[Black "Di Meo, Antonio"]
[Result "1-0"]
[WhiteElo "1967"]
[BlackElo "1978"]
[PlyCount "73"]
[EventDate "2011.07.22"]

1. e4 c6 2. d4 d5 3. Nc3 dxe4 4. Nxe4 Bf5 5. Ng3 Bg6 6. h4 h6 7. h5 Bh7 8. Bd3
Bxd3 9. Qxd3 Qc7 10. N1e2 e6 11. Bf4 Bd6 12. Bxd6 Qxd6 13. Ne4 Qc7 14. Qa3 Nf6
15. Nd6+ Kd8 16. Ng3 Na6 17. O-O-O Qe7 18. Qa5+ b6 19. Nxf7+ Qxf7 20. Qxa6 Re8
21. Kb1 Re7 22. Qe2 Ke8 23. Ne4 Rd8 24. g4 e5 25. dxe5 Rxd1+ 26. Rxd1 Nxe4 27.
Qxe4 Qe6 28. Re1 Kd7 29. Qe2 Kc7 30. f4 c5 31. f5 Qc6 32. e6 Kb7 33. Rd1 Kc7
34. Qd3 Kb7 35. Qd8 Qc7 36. Qxc7+ Kxc7 37. c4 1-0

[Event "XVIII Festival A"]
[Site "Campobasso ITA"]
[Date "2011.07.24"]
[Round "6"]
[White "Valsecchi, Alessio"]
[Black "Grasso, Nino"]
[Result "1-0"]
[WhiteElo "2354"]
[BlackElo "1987"]
[PlyCount "57"]
[EventDate "2011.07.22"]

1. e4 e5 2. Nf3 Nc6 3. Bc4 Nf6 4. d3 Bc5 5. c3 a6 6. Bb3 Ba7 7. h3 h6 8. Nbd2
d6 9. Nf1 Be6 10. Bc2 Ne7 11. Ng3 Ng6 12. d4 c6 13. O-O O-O 14. Be3 Qd7 15. Nf5
Nxe4 16. Nxh6+ gxh6 17. Bxe4 f5 18. Bc2 e4 19. Nh2 Qg7 20. f4 d5 21. Kh1 Bb8
22. Rf2 Bd6 23. Qh5 Kh7 24. Rg1 Rf6 25. g4 fxg4 26. f5 g3 27. Ng4 Rxf5 28. Rxf5
Bxf5 29. Nxh6 1-0

[Event "XVIII Festival A"]
[Site "Campobasso ITA"]
[Date "2011.07.24"]
[Round "6"]
[White "Vespe, Francesco"]
[Black "D'Aquino, Ugo"]
[Result "0-1"]
[WhiteElo "2012"]
[BlackElo "1925"]
[PlyCount "71"]
[EventDate "2011.07.22"]

1. d4 Nf6 2. c4 c5 3. d5 b5 4. cxb5 a6 5. b6 e6 6. Nc3 exd5 7. Nxd5 Nxd5 8.
Qxd5 Nc6 9. e4 Be7 10. Bc4 O-O 11. Nf3 Qxb6 12. O-O h6 13. Qh5 Na5 14. Bd5 Bb7
15. Rd1 Bxd5 16. Rxd5 Qf6 17. Rb1 d6 18. Bd2 Nc6 19. Bc3 Qe6 20. Re1 Rab8 21.
Qf5 Nb4 22. Bxb4 Rxb4 23. b3 a5 24. Nd2 g6 25. Qf3 Rfb8 26. Nc4 a4 27. Re3 Rxc4
28. Rd1 axb3 29. axb3 Rcb4 30. Rdd3 Bf6 31. Qd1 Rd4 32. g3 Be5 33. Kg2 Rxd3 34.
Rxd3 Bd4 35. Rf3 Re8 36. Rf4 0-1

[Event "XVIII Festival A"]
[Site "Campobasso ITA"]
[Date "2011.07.24"]
[Round "6"]
[White "Voiteanu, Gabriel"]
[Black "Kizov, Atanas"]
[Result "1/2-1/2"]
[WhiteElo "2313"]
[BlackElo "2393"]
[PlyCount "61"]
[EventDate "2011.07.22"]

1. d4 d6 2. e4 Nf6 3. f3 e5 4. dxe5 dxe5 5. Qxd8+ Kxd8 6. Bc4 Ke8 7. g4 c6 8.
h4 h5 9. g5 Nfd7 10. Ne2 g6 11. f4 exf4 12. Bxf4 Bg7 13. c3 Ne5 14. Bxe5 Bxe5
15. O-O Rf8 16. Nd2 Bg4 17. Nf3 Nd7 18. Rad1 Bc7 19. Ned4 Ne5 20. Nxe5 Bxe5 21.
Nf3 Bc7 22. e5 Rd8 23. Rxd8+ Kxd8 24. Kg2 Ke7 25. Re1 Rd8 26. Nd4 c5 27. Rf1
Rf8 28. Nf3 Rd8 29. Nd4 Rf8 30. Nf3 Rd8 31. Nd4 1/2-1/2